<?xml version="1.0" encoding="UTF-8"?>
<record
    xmlns:xsi="http://www.w3.org/2001/XMLSchema-instance"
    xsi:schemaLocation="http://www.loc.gov/MARC21/slim http://www.loc.gov/standards/marcxml/schema/MARC21slim.xsd"
    xmlns="http://www.loc.gov/MARC21/slim">

  <leader>01842nam0a2200421   4500</leader>
  <controlfield tag="001">RU\NLR\bibl\1991579</controlfield>
  <controlfield tag="005">20260408190916.0</controlfield>
  <datafield tag="010" ind1=" " ind2=" ">
    <subfield code="a">978-5-93615-118-7</subfield>
  </datafield>
  <datafield tag="021" ind1=" " ind2=" ">
    <subfield code="a">RU</subfield>
    <subfield code="b">2012-100495</subfield>
    <subfield code="9">7414</subfield>
  </datafield>
  <datafield tag="035" ind1=" " ind2=" ">
    <subfield code="a">(NLR Aleph) 001980099</subfield>
  </datafield>
  <datafield tag="090" ind1=" " ind2=" ">
    <subfield code="a">4078013</subfield>
    <subfield code="c">4078013</subfield>
  </datafield>
  <datafield tag="100" ind1=" " ind2=" ">
    <subfield code="a">20130124d2012    u  y0rusy50      ca</subfield>
  </datafield>
  <datafield tag="101" ind1="1" ind2=" ">
    <subfield code="a">rus</subfield>
    <subfield code="c">ger</subfield>
  </datafield>
  <datafield tag="102" ind1=" " ind2=" ">
    <subfield code="a">RU</subfield>
  </datafield>
  <datafield tag="105" ind1=" " ind2=" ">
    <subfield code="a">y   |||||||||</subfield>
  </datafield>
  <datafield tag="200" ind1="1" ind2=" ">
    <subfield code="a">&#x41C;&#x438;&#x441;&#x442;&#x438;&#x447;&#x435;&#x441;&#x43A;&#x43E;&#x435; &#x43C;&#x438;&#x440;&#x43E;&#x432;&#x438;&#x434;&#x435;&#x43D;&#x438;&#x435;</subfield>
    <subfield code="d">Mystische weltschau</subfield>
    <subfield code="e">&#x43F;&#x44F;&#x442;&#x44C; &#x43E;&#x431;&#x440;&#x430;&#x437;&#x43E;&#x432; &#x440;&#x443;&#x441;&#x441;&#x43A;&#x43E;&#x433;&#x43E; &#x441;&#x438;&#x43C;&#x432;&#x43E;&#x43B;&#x438;&#x437;&#x43C;&#x430;</subfield>
    <subfield code="f">&#x424;.&#x410;. &#x421;&#x442;&#x435;&#x43F;&#x443;&#x43D;</subfield>
    <subfield code="g">&#x43F;&#x435;&#x440;. &#x441; &#x43D;&#x435;&#x43C;. &#x413;. &#x421;&#x43D;&#x435;&#x436;&#x438;&#x43D;&#x441;&#x43A;&#x43E;&#x439; [&#x438; &#x434;&#x440;.]</subfield>
    <subfield code="z">ger</subfield>
  </datafield>
  <datafield tag="210" ind1=" " ind2=" ">
    <subfield code="a">&#x421;&#x430;&#x43D;&#x43A;&#x442;-&#x41F;&#x435;&#x442;&#x435;&#x440;&#x431;&#x443;&#x440;&#x433;</subfield>
    <subfield code="c">&#x412;&#x43B;&#x430;&#x434;&#x438;&#x43C;&#x438;&#x440; &#x414;&#x430;&#x43B;&#x44C;</subfield>
    <subfield code="d">2012</subfield>
  </datafield>
  <datafield tag="215" ind1=" " ind2=" ">
    <subfield code="a">477, [2] &#x441;.</subfield>
    <subfield code="d">21</subfield>
  </datafield>
  <datafield tag="300" ind1=" " ind2=" ">
    <subfield code="a">&#x410;&#x432;&#x442;. &#x442;&#x430;&#x43A;&#x436;&#x435; &#x43D;&#x430; &#x43D;&#x435;&#x43C;. &#x44F;&#x437;.: Fedor Stepun</subfield>
  </datafield>
  <datafield tag="320" ind1=" " ind2=" ">
    <subfield code="a">&#x411;&#x438;&#x431;&#x43B;&#x438;&#x43E;&#x433;&#x440;. &#x432; &#x43F;&#x43E;&#x434;&#x441;&#x442;&#x440;&#x43E;&#x447;. &#x43F;&#x440;&#x438;&#x43C;&#x435;&#x447;.</subfield>
  </datafield>
  <datafield tag="510" ind1="0" ind2=" ">
    <subfield code="6">z73790</subfield>
    <subfield code="a">Mystische weltschau</subfield>
    <subfield code="z">ger</subfield>
  </datafield>
  <datafield tag="606" ind1="1" ind2=" ">
    <subfield code="a">&#x420;&#x443;&#x441;&#x441;&#x43A;&#x430;&#x44F; &#x43B;&#x438;&#x442;&#x435;&#x440;&#x430;&#x442;&#x443;&#x440;&#x430;</subfield>
    <subfield code="x">&#x438; &#x444;&#x438;&#x43B;&#x43E;&#x441;&#x43E;&#x444;&#x438;&#x44F;</subfield>
    <subfield code="z">20 &#x432;.</subfield>
    <subfield code="9">1544435</subfield>
    <subfield code="3">RU\NLR\auth\66974818</subfield>
  </datafield>
  <datafield tag="606" ind1="1" ind2=" ">
    <subfield code="a">&#x421;&#x438;&#x43C;&#x432;&#x43E;&#x43B;&#x438;&#x437;&#x43C;</subfield>
    <subfield code="x">&#x432; &#x43B;&#x438;&#x442;&#x435;&#x440;&#x430;&#x442;&#x443;&#x440;&#x435;</subfield>
    <subfield code="y">&#x420;&#x43E;&#x441;&#x441;&#x438;&#x44F;</subfield>
    <subfield code="9">1943788</subfield>
    <subfield code="3">RU\NLR\auth\66888508</subfield>
  </datafield>
  <datafield tag="606" ind1="1" ind2=" ">
    <subfield code="a">&#x424;&#x438;&#x43B;&#x43E;&#x441;&#x43E;&#x444;&#x438;&#x44F; &#x440;&#x443;&#x441;&#x441;&#x43A;&#x430;&#x44F;</subfield>
    <subfield code="x">&#x418;&#x441;&#x442;&#x43E;&#x440;&#x438;&#x44F;</subfield>
    <subfield code="z">19 - 20 &#x432;&#x432;.</subfield>
    <subfield code="9">2102380</subfield>
    <subfield code="3">RU\NLR\auth\661271356</subfield>
  </datafield>
  <datafield tag="606" ind1=" " ind2=" ">
    <subfield code="8">rus</subfield>
    <subfield code="a">&#x421;&#x438;&#x43C;&#x432;&#x43E;&#x43B;&#x438;&#x437;&#x43C; (&#x444;&#x438;&#x43B;&#x43E;&#x441;.)</subfield>
    <subfield code="7">ca</subfield>
    <subfield code="3">RU\NLR\auth\661258776</subfield>
    <subfield code="9">2082748</subfield>
  </datafield>
  <datafield tag="686" ind1=" " ind2=" ">
    <subfield code="a">&#x428;5(2=&#x420;)53-328.81</subfield>
  </datafield>
  <datafield tag="686" ind1=" " ind2=" ">
    <subfield code="a">&#x428;5(2=&#x420;)53-304</subfield>
  </datafield>
  <datafield tag="686" ind1=" " ind2=" ">
    <subfield code="a">&#x42E;3(2)6-632</subfield>
  </datafield>
  <datafield tag="686" ind1=" " ind2=" ">
    <subfield code="a">&#x42E;3(2)6-678</subfield>
  </datafield>
  <datafield tag="686" ind1=" " ind2=" ">
    <subfield code="a">&#x42E;802.283.31</subfield>
  </datafield>
  <datafield tag="700" ind1=" " ind2="1">
    <subfield code="4">070</subfield>
    <subfield code="8">rus</subfield>
    <subfield code="7">ca</subfield>
    <subfield code="a">&#x421;&#x442;&#x435;&#x43F;&#x443;&#x43D;</subfield>
    <subfield code="b">&#x424;.&#x410;.</subfield>
    <subfield code="f">1884-1965</subfield>
    <subfield code="g">&#x424;&#x435;&#x434;&#x43E;&#x440; &#x410;&#x432;&#x433;&#x443;&#x441;&#x442;&#x43E;&#x432;&#x438;&#x447;</subfield>
    <subfield code="3">RU\NLR\auth\7710179</subfield>
    <subfield code="9">119961</subfield>
  </datafield>
  <datafield tag="790" ind1=" " ind2="1">
    <subfield code="4">070</subfield>
    <subfield code="8">rus</subfield>
    <subfield code="7">ba</subfield>
    <subfield code="a">Stepun</subfield>
    <subfield code="b">F. A.</subfield>
    <subfield code="f">1884-1965</subfield>
    <subfield code="g">Fedor Avgustovi&#x10D;</subfield>
    <subfield code="3">RU\NLR\auth\77120374</subfield>
    <subfield code="9">103299</subfield>
  </datafield>
  <datafield tag="801" ind1=" " ind2="0">
    <subfield code="a">RU</subfield>
    <subfield code="b">NLR</subfield>
    <subfield code="c">20130124</subfield>
    <subfield code="g">RCR</subfield>
  </datafield>
  <datafield tag="801" ind1=" " ind2="1">
    <subfield code="a">RU</subfield>
    <subfield code="b">NLR</subfield>
    <subfield code="c">20130124</subfield>
  </datafield>
  <datafield tag="942" ind1=" " ind2=" ">
    <subfield code="c">BOOK</subfield>
  </datafield>
  <datafield tag="980" ind1=" " ind2=" ">
    <subfield code="a">NBR</subfield>
  </datafield>
  <datafield tag="980" ind1=" " ind2=" ">
    <subfield code="a">NB</subfield>
  </datafield>
</record>
